Internet: políticas y comunicación
Guardat en:
| Autor principal: | |
|---|---|
| Format: | Llibre |
| Idioma: | espanyol |
| Publicat: |
Buenos Aires
Biblos
1998
|
| Edició: | 1a. ed |
| Col·lecció: | Comunicación. Medios. Cultura, 3
|
| Matèries: | |
| Etiquetes: |
Afegir etiqueta
Sense etiquetes, Sigues el primer a etiquetar aquest registre!
|
MARC
| LEADER | 00000nam a2200000 a 4500 | ||
|---|---|---|---|
| 001 | UCI7050 | ||
| 003 | CL-VaPUC | ||
| 008 | 080605e19980000AG |||||||||||||||||spa|d | ||
| 020 | |a 9507861823 | ||
| 082 | 0 | 4 | |a 303.4833 |b CAF |2 21 |
| 100 | 0 | |a Caffasi, Emilio |e author |9 530158 | |
| 245 | 1 | 0 | |a Internet: políticas y comunicación |
| 250 | |a 1a. ed | ||
| 300 | |a 283 p | ||
| 942 | |c BK | ||
| 945 | |d 20080605 00:00:00 |a jtorresc | ||
| 260 | |a Buenos Aires |b Biblos |c 1998 | ||
| 650 | 0 | |a Interacción social |9 307764 | |
| 650 | 0 | |a Sociología |9 255410 | |
| 650 | 7 | |a COMUNICACIONES SOCIALES |2 CL-VaPUC |9 530159 | |
| 650 | 0 | |a Medios de comunicación |9 257206 | |
| 650 | 0 | |a Comunicación digital |9 260754 | |
| 650 | 0 | |a Internet |9 254823 | |
| 650 | 7 | |a FILOSOFIA POLITICA |2 CL-VaPUC |9 530160 | |
| 583 | |a last modification |c 20080605 00:00:00 |k Rodrigo Vera | ||
| 490 | 0 | |a Comunicación. Medios. Cultura, 3 | |
| 999 | |c 330449 |d 330447 | ||
| 952 | |0 0 |1 0 |2 ddc |4 0 |6 303_483300000000000_CAF_1998 |7 0 |8 A |9 416003 |a BIBCUR |b BIBCUR |c PAC |d 2019-11-22 |i 4446623 |o 303.4833 CAF 1998 |p 4446623 |r 2025-04-22 |w 2019-11-22 |y BK |k PER | ||